| 000 | 01462cam a2200457 4500 | ||
|---|---|---|---|
| 001 | M1795 | ||
| 008 | 090401t1995 xxu||||| |||| 00| 0 eng d | ||
| 035 | _a(Sirsi) u34567 | ||
| 041 | _aeng | ||
| 050 | _a333.332 | ||
| 090 | _aRICS 1995/35A | ||
| 110 |
_aRoyal Institution of Chartered Surveyors _94900 |
||
| 245 | _aManual of valuation guidance notes (third edition). Amendments 4 (dated April 1995) | ||
| 260 |
_aLondon _bRICS _c1995 |
||
| 300 | _a20 sheets ; 30cm. | ||
| 350 | _a0 | ||
| 520 | _aContains new Valuation Guidance Notes on Capital Valuation of Private Healthcare Properties, Valuation of Forestry and Woodland Properties, Rental Valuation of Commercial Lease Inducements. | ||
| 650 | _aCOMMERCIAL LEASE INDUCEMENTS | ||
| 650 | _aGOODWILL | ||
| 650 | _aHOTELS | ||
| 650 |
_aInsurance _96249 |
||
| 650 | _aLEISURE PROPERTY | ||
| 650 | _aLICENSED PROPERTY | ||
| 650 | _aLOCAL AUTHORITY ASSETS | ||
| 650 | _aMINERAL VALUATION | ||
| 650 | _aMORTGAGE VALUATIONS | ||
| 650 | _aPLANT AND MACHINERY | ||
| 650 | _aPRIVATE HEALTHCARE PROPERTIES | ||
| 650 | _aREINSPECTIONS | ||
| 650 | _aREINSTATEMENT COST ASSESSMENT | ||
| 650 |
_aRESIDENTIAL PROPERTY _96266 |
||
| 650 | _aREVALUATIONS | ||
| 650 | _aSECURED LENDING | ||
| 650 | _aVALUATION GUIDANCE NOTES | ||
| 650 | _aVALUATION SURVEY | ||
| 650 | _aWATER RIGHTS | ||
| 650 | _aWHITE BOOK | ||
| 690 | _aRATING AND VALUATION | ||
| 942 | _n0 | ||
| 948 | _c04/03/1997 | ||
| 999 |
_c89965 _d89965 |
||